1. Moscow Mule - Bad Bunny - Estadísticas

Estadísticas generales
  • Esta prueba ha sido intentada 58 veces
  • La puntuación promedio es 334 de 399
Estadísticas de respuestas
Hint Respuesta % Correcto
te
100%
Te
100%
a
98%
e'
98%
eh-eh
98%
En
98%
en
98%
ja,
98%
me
98%
Verso Me
98%
no
98%
No
98%
No,
98%
no,
98%
que
98%
qué
98%
Que
98%
98%
se
98%
Pre-estribillo | Verso Si
98%
si
98%
98%
98%
tú,
98%
y
98%
yo
98%
Yo
98%
bellaco
95%
con
95%
Dos
95%
escribo,
95%
hace
95%
la
95%
na'
95%
na',
95%
pero
95%
Pero
95%
pongo
95%
rato
95%
saco
95%
trago'
95%
contacto
93%
de
93%
dónde
93%
el
93%
está
93%
Esta
93%
estamo'
93%
por
93%
quieres
93%
sabes
93%
sin
93%
somos
93%
busco,
90%
envuelto'
90%
escribes,
90%
mi
90%
tiene'
90%
vives
90%
alegría
88%
dentro
88%
guarda
88%
pa'
88%
Pa'
88%
retrato,
88%
WhatsApp
88%
ey
86%
(ey)
86%
ey,
86%
Quizá
86%
Quizás
86%
ve'
86%
aborrecía,
83%
dar
83%
dar,
83%
Moscow
83%
Mule,
83%
un
83%
hoy
81%
Hoy
81%
va
81%
va'
81%
Baby,
76%
Baby
76%
lo
76%
nota,
74%
nota
74%
Pide
74%
ere'
71%
esnú
71%
Mami,
71%
mami,
71%
Outro Mami
71%
otro
71%
una
71%
vo'a
71%
playa
69%
bellaqueo,
67%
bellaqueo
67%
perreo
67%
perreo,
67%
rica
67%
Ven
67%
Cancún
64%
choca
64%
desnúa
64%
habla
64%
hagas
64%
mañana
64%
ver,
64%
pa'l
62%
voy
62%
Bali,
60%
darte
60%
duro
60%
quisiera
60%
tabla,
60%
ves
60%
amanecer
57%
ando
57%
compare',
57%
cuarto
57%
dale,
57%
grandota
57%
joda
57%
joda,
57%
sentí
57%
suite
57%
vuelvo
57%
Conmigo
55%
crossover
55%
diablona,
55%
tas
55%
trabajar,
55%
underwater
55%
vamos
55%
aún
52%
booty
52%
Cuidao'
52%
debo
52%
Dime
52%
diste
52%
ese
52%
Ese
52%
game
52%
over
52%
piquetúa
52%
romper
52%
Verso Todo
52%
Después
50%
hiciste
50%
noche
50%
olvidar
50%
sentiste
50%
Uru'
50%
aquel
48%
así,
48%
fue
48%
viral
48%
alarma
45%
quedar
45%
gustan
43%
puedo
43%
perder
38%
mahón
33%
player
33%
quarter
33%
comiéndono'
31%
Porque
29%
metiste,
24%
pare
21%
No se encontraron pruebas coincidentes
Distribución de puntuación
Porcentaje de gente con cada puntuación
Porcentaje por número respondido
Historial de tus puntuaciones
No has intentado esta prueba.